000 00719nam a2200229 a 4500
001 BRL_629
005 20190320210828.0
008 110913s1947----au-a######---#000-0#ger-#
041 _ager
044 _aau
050 4 _aPT2635
_b.V66 1947
100 1 _avon komorzynski, Egon
_924471
245 1 0 _aGenius zwischen zwei welten
_bein Schubert-Roman
_cEgon Von Komorzynski ; Mit 8 Zeichnungen von Alfred Gerstenbrand
260 _aWien
_bJohannes Günther Verlag
_c1947
300 _a303 p.
_bil.
_c19 cm.
500 _aAu669
600 1 4 _aFranz Schubert
_d1797-1828
_vNovela
_924472
650 1 4 _aLiteratura Alemana
_vNovela histórica
_924473
700 1 _aGerstenbrand, Alfred
_924474
902 _aGRL
942 _2lcc
_cB
999 _c9441
_d9441